000 00564cam a22002291 4500
001 sa 67002857
003 DLC
005 20260227112333.0
008 890706s1966 ii b 000 0 hino
010 _asa 67002857
035 _a(OCoLC)19968700
040 _aDLC
_cWaU
_dDLC
042 _apremarc
050 0 0 _aBL1470
_b.M25
100 1 _aMālavikā, Vidyāvati.
245 1 0 _aBhagavān Gautama Buddha.
260 _c[1966]
300 _a6, [3]-96 p.
_c26 cm.
500 _aIn Hindi.
504 _aBibliography: p. [95]-96.
600 0 0 _aGautama Buddha.
999 _c73482
_d73482